| 000 | 00367nam a2200145Ia 4500 | ||
|---|---|---|---|
| 008 | 230917s9999||||xx |||||||||||||| ||und|| | ||
| 040 |
_e108382 _aMAIN |
||
| 041 | _aEnglish | ||
| 082 | _a658.3 R18H | ||
| 100 | _aRao, N.P. | ||
| 245 | 0 | _aHuman resource development and production techniques | |
| 260 |
_aNew Delhi _bA P H _c1997 |
||
| 300 | _a402p p. | ||
| 942 | _cBK | ||
| 999 |
_c123237 _d123237 |
||